Destinační management umění rozvíjet destinaci

Uložené v:
Podrobná bibliografia
Hlavný autor: Holešinská, Andrea
Médium: Kniha
Jazyk:Czech
Vydavateľské údaje: Praha Grada Publishing 2022
Vydanie:1. vydanie
Predmet:
Tagy: Pridať tag
Žiadne tagy, Buďte prvý, kto otaguje tento záznam!

MARC

LEADER 00000nam a2200000 4500
001 0300041
005 20240425104005.6
020 |a 978-80-271-3218-8 
041 0 |a cze 
044 |a CZ 
245 1 0 |a Destinační management  |b umění rozvíjet destinaci  |c Andrea Holešinská 
250 |a 1. vydanie 
264 1 |a Praha  |b Grada Publishing  |c 2022 
300 |a 336 s. 
610 2 0 |a manažment destinačný 
610 2 0 |a ruch cestovný 
610 2 0 |a rozvoj regionálny 
610 2 0 |a riadenie strategické 
610 2 0 |a benchmarking 
610 2 0 |a riadenie ľudských zdrojov 
610 2 0 |a systémy informačné manažérske 
610 2 0 |a komunity 
100 1 |a Holešinská, Andrea